Qualitative complexity ecology, cognitive processes and the re-emergence of structures in post-humanist social theory (Registro nro. 89141)

Detalles MARC
000 -ENCABEZADO
Número de control [NR] 02090nam a22002777a 4500
008 - DE LONGITUD FIJA DE DATOS DE ELEMENTOS - INFORMACIÓN GENERAL
Elementos de longitud fija [NR] 130821s2006 enk gr eng
020 ## - NUMERO INTERNACIONAL NORMALIZADO PARA LIBROS [R]
Número Internacional Normalizado del libro [NR] 0415336503
040 ## - FUENTE DE CATALOGACION [NR]
Agencia de catalogación original [NR] Co-BoUCM
Idioma de catalogación [NR] spa
041 00 - CODIGO DE IDIOMA [R]
Código de idioma para texto/pista de sonido o título separado [R] Inglés
100 1# - ASIENTO PRINCIPAL--NOMBRE PERSONAL [NR]
Nombre personal [NR] Smith, John A.
Fechas asociadas con el nombre [NR] 1947 Apr. 16-
ID Autoridad 171237
245 10 - MENCION DE TITULO [NR]
Título [NR] Qualitative complexity ecology, cognitive processes and the re-emergence of structures in post-humanist social theory
Mención de responsabilidad, etc. [NR] John Smith y Chris Jenks.
260 ## - PUBLICACION, DISTRIBUCION, ETC. (PIE DE IMPRENTA) [R]
Lugar de publicación, distribución, etc. [R] Londres (Inglaterra)
Nombre del editor, distribuidor, etc. [R] Routledge
Fecha de publicación, distribución, etc. [R] 2006
300 ## - DESCRIPCION FISICA [R]
Extensión [R] vi, 302 páginas
490 #0 - MENCION DE SERIE [R]
Mención de serie [R] International library of sociology
504 ## - NOTA DE BIBLIOGRAFIA, ETC. [R]
Nota de bibliografía, etc. [NR]
505 0# - NOTA DE CONTENIDO CON FORMATO PREESTABLECIDO [R]
Nota de contenido con formato preestablecido [NR] The interdisciplinary field -- Complexity theory: a positioning paper -- From Descartes'conjecture to Kant's subject & the Computo -- Autopoiesis in cognitive biology -- Emergentism, evolutionary psychology and culture -- Prigogine's thermodynamics, ontology and sociology -- Critical developments -- Modernism and determinism: linear expectations and qualitative complexity analyses -- Complexity theory as a critique of postmodernism -- Cognition and the renewal of systems theory: redundant idioms and disputed positions -- The evolution of intelligence, consciousness and language: implications for social theory -- Complexity, language and culture: social systems in qualitative, i.e. not formal terms -- The fields of complex analysis: contemporary complexity theory -- The ethics of pragmatism: politics and post-structuralism in transition after the complexity turn -- The topology of complexity -- Re-interpreting global complexity as an ontology: human ecology.
650 04 - ASIENTO SECUNDARIO DE MATERIA - TERMINO TEMATICO [R]
Término temático o nombre geográfico como elemento de entrada [NR] Ciencias sociales
Subdivisión general [R] Filosofía
9 (RLIN) 38933
650 04 - ASIENTO SECUNDARIO DE MATERIA - TERMINO TEMATICO [R]
Término temático o nombre geográfico como elemento de entrada [NR] Comportamiento caótico en sistemas
9 (RLIN) 11288
650 04 - ASIENTO SECUNDARIO DE MATERIA - TERMINO TEMATICO [R]
Término temático o nombre geográfico como elemento de entrada [NR] Sistemas sociales
9 (RLIN) 24675
650 04 - ASIENTO SECUNDARIO DE MATERIA - TERMINO TEMATICO [R]
Término temático o nombre geográfico como elemento de entrada [NR] Sociología
9 (RLIN) 386
700 1# - ASIENTO SECUNDARIO - NOMBRE PERSONAL [R]
Nombre personal [NR] Jenks, Chris.
9 (RLIN) 171238
856 41 - LOCALIZACION Y ACCESO ELECTRONICOS [R]
Especificación de los materiales [NR] Contenido
Identificador Uniforme del Recurso (“URI”) [R] <a href="http://www.loc.gov/catdir/toc/ecip067/2006003145.html">http://www.loc.gov/catdir/toc/ecip067/2006003145.html</a>
856 42 - LOCALIZACION Y ACCESO ELECTRONICOS [R]
Especificación de los materiales [NR] Publicador
Identificador Uniforme del Recurso (“URI”) [R] <a href="http://www.loc.gov/catdir/enhancements/fy0654/2006003145-d.html">http://www.loc.gov/catdir/enhancements/fy0654/2006003145-d.html</a>
942 ## - ELEMENTOS DE ENTRADA AGREGADOS (KOHA)
Tipo de ítem principal el descrito en 300a Libro
Tema principal Sociología
Edición 1
Parte restante de la signatura top. S642
Sistema de clasificación DEWEY
Clasificación 300.11857
Existencias
Fecha de último préstamo Total préstamos Signatura topográfica Código de barras Última vez visto Ejemplar Price effective from Tipo de ítem Nota pública (OPAC) Perdido Sistema de clasificación Dañado No prestable Tipo de ítem específico Suprimido Ubicación habitual Ubicación actual Localización Fecha de creación Forma de adquisición Costo
05/02/2019 1 300.11857 S642 100086836 03/12/2025 Ej.1 03/02/2013 Libro Spot de Investigación   DEWEY     Libro   Claustro Claustro 3er piso - Research commons 28/02/2013 Compra 192000.00